Programa : VI Trobada d'Estudiosos del Montseny : 18 de novembre de 2004, Breda VI Trobada d'Estudiosos del Montseny :
Publicado:
Barcelona :
Diputació de Barcelona. Parc Natural del Montseny : Ajuntament de Breda ,
2005
Descripción Física:
58 p. : il. ; 30 cm
MARC
| LEADER | 00000nam a2200000Ia 4500 | ||
|---|---|---|---|
| 001 | 21011 | ||
| 008 | 160829s2005 xx 000 0 cat d | ||
| 080 | |a C-3-134 | ||
| 111 | 2 | |a Trobada d'Estudiosos del Montseny |n (6a : |d 2004 : |c Breda, Catalunya) |9 55747 | |
| 245 | |a Programa : |b VI Trobada d'Estudiosos del Montseny : |b 18 de novembre de 2004, Breda | ||
| 260 | |a Barcelona : |b Diputació de Barcelona. Parc Natural del Montseny : |b Ajuntament de Breda, |c 2005 | ||
| 300 | |a 58 p. : |b il. ; |c 30 cm | ||
| 590 | |a Programa i resums de les jornades | ||
| 610 | 2 | 0 | |a Parc Natural del Montseny (Catalunya) |v Congressos |9 54395 |
| 710 | |a Barcelona (Catalunya : Província). |b Àrea d'Espais Naturals |9 9050 | ||
| 710 | 2 | |a Breda (Catalunya). |b Ajuntament |9 55354 | |
| 901 | |a Arxiu | ||
| 942 | |n 1 | ||
| 952 | |0 0 |1 0 |4 0 |6 C3134 |7 1 |9 50645 |a Arxiu |b Arxiu |d 2016-12-01 |l 0 |o C-3-134 |p 21011 |r 2016-12-01 00:00:00 |w 2016-12-01 |y ARXIU | ||
| 999 | |c 54487 |d 54487 | ||